| 000 | 01195 a2200241 4500 | ||
|---|---|---|---|
| 003 | Nust | ||
| 005 | 20170207165831.0 | ||
| 010 | _a 2005050962 | ||
| 020 | _a1-4039-4244-7 (inb.) | ||
| 040 | _cNust | ||
| 082 | 0 | 0 | _a658.4038 |
| 100 | 1 | _aCarayannis, Elias G. | |
| 245 | 1 | 0 |
_aE-development toward the knowledge economy : (E-BOOK) _bleveraging technology, innovation and entrepreneurship for "smart" development / _cElias G. Carayannis and Caroline M. Sipp |
| 260 |
_aBasingstoke : _bPalgrave Macmillan, _c2006 |
||
| 300 |
_axi, 255 s. : _bdiagr., tab. ; _c23 cm. |
||
| 505 | _aPart I ICT and e-Development Policies in the Knowledge Economy (Page-1) Part II e-Development Policies and Strategies toward the Knowledge Economy (Page-23) Part III e-Development Case Studies (Page-61) Part IV From e-Development toward the Knowledge Economy: Analysis of Evidence from the Case Studies (Page-183) Part V Recommendations and Conclusions (Page-215) | ||
| 650 | 0 | _aEconomic development. | |
| 650 | 0 |
_aInformation technology _xEconomic aspects. |
|
| 650 | 0 | _aKnowledge management. | |
| 650 | 0 |
_aTechnological innovations _xEconomic aspects. |
|
| 651 | _aE-Book | ||
| 700 | 1 |
_aSipp, Caroline M., _d1978- |
|
| 942 |
_2ddc _cBK |
||
| 999 |
_c213301 _d213301 |
||